| 000 | 00672nam a22002057a 4500 | ||
|---|---|---|---|
| 005 | 20170522152411.0 | ||
| 010 | _aENG-118288 | ||
| 020 |
_a9780199467785 _c995.00 |
||
| 035 | _aEN-101820 | ||
| 037 | _bDBAD/PUB | ||
| 082 | _a306.60954 | ||
| 245 |
_aReligion and modernity in India / _cedited by Shekhar Bandyopadhyay [and] Aloka Parasher Sen |
||
| 260 |
_aNew Delhi _bOxford University Press _c2017 |
||
| 270 |
_aYMCA Library Building,1 Jai Singh Road _b New Delhi _e110001 |
||
| 300 |
_axi,323p. _c23cm.(Hb) |
||
| 500 | _aIncludes index | ||
| 700 | _a Bandyopadhyay,Shekhar | ||
| 700 | _a Parasher Sen,Aloka | ||
| 942 |
_2ddc _cEN _h306.60954 _mREL |
||
| 999 |
_c140242 _d140242 |
||